000
00299nam a2200109Ia 4500
008
200302s9999 xx 000 0 und d
100
_a
Malcolm Quantrill
245
_a
Plain Modern The Architecture of Brian Mackay Lyons
260
_b
Princeton Architectural Press
260
_c
2005
300
_a
223 P.,
999
_c
4991
_d
4991